000
00316nam a2200133Ia 4500
005
20251222154354.0
008
251222s9999||||xx |||||||||||||| ||spa||
082
_a
813.52/S59
100
_a
Slaughter, Frank G.
245
0
_a
Hospital de Sangre
250
_a
1ra.ed.
264
_b
CĂrculo de Lectores
942
_c
LIB
999
_c
35036
_d
35036